Score 0/25 Timer 07:00
1 Play Today
Decade/Category Show % Correct
The Flintstones
97.6%
1960s Hannah Barbera CartoonsScooby-Doo, Where Are You!
97%
The Jetsons
95%
The Golden Girls
95%
2000s 10+ Season RunnersThe Big Bang Theory
94%
1950s Family-Based SitcomsI Love Lucy
93.7%
The Yogi Bear Show
93.3%
1980s Emmy Winning ShowsCheers
92.7%
Two & a Half Men
88.1%
It's Always Sunny in Philadelphia
79.2%
Leave It to Beaver
78.5%
The Wonder Years
77.7%
The Honeymooners
73.1%
Decade/Category Show % Correct
Cagney & Lacey
72.2%
Dennis the Menace
69.6%
Smallville
60.7%
Top Cat
54.3%
Hill Street Blues
50.3%
The Punisher
50.2%
Father Knows Best
49.1%
Supernatural
46.1%
2010s Marvel-Based ShowsJessica Jones
44.8%
Daredevil
40.3%
Luke Cage
35.7%
Agent Carter
23.7%
Remove Ads.
Support Sporcle.
Get the best of Sporcle when you Go Orange. This ad-free experience offers more features, more stats, and more fun while also helping to support Sporcle. Thank you for becoming a member.

You're not logged in!

Compare scores with friends on all Sporcle quizzes.
OR
Log In

Show Comments

Extras

Top Quizzes Today


Score Distribution

Your Account Isn't Verified!

In order to create a playlist on Sporcle, you need to verify the email address you used during registration. Go to your Sporcle Settings to finish the process.

Report this User

Report this user for behavior that violates our Community Guidelines.

Details: